LEADER 00768nam0 2200253 450 001 9910272860403321 005 20180619105827.0 010 $a9781137574428 100 $a20180619d2017----km y0itay50 ba 101 0 $aeng 102 $aGB 105 $a y d 001yy 200 1 $aBefore the neoliberal turn$ethe rise of energy finance and the limits to US foreign economic policy$fSimone Selva 210 $aLondon$cPalgrave Macmillan$d2017 215 $aXIX, 423 p.$d24 cm 225 1 $aPalgrave studies in economic history 700 1$aSelva,$bSimone$0512886 801 0$aIT$bUNINA$gREICAT$2UNIMARC 901 $aBK 912 $a9910272860403321 952 $aSE123.04.22$fDECSE 959 $aDECSE 996 $aBefore the neoliberal turn$91505839 997 $aUNINA